000 00474nam a22001937a 4500
003 MPLRDC
005 20220104173823.0
008 210129b ||||| |||| 00| 0 eng d
020 _a0-00-694514-7
082 _a859.6 DIX-4
100 _aFRANKLIN W. DIXON
245 _aTHE HARDY BOYS CASE FILES
_c
250 _a三版
260 _a
_bARMADA
_c1994
300 _b
490 _aTHE HARDY BIYS SERIES
650 _aCHILDREN LITERATURE
942 _cBK
_o859.6 DIX-4
999 _c59587
_d59577